| 000 | 01402cam a2200385 i 4500 | ||
|---|---|---|---|
| 001 | 22745946 | ||
| 003 | OSt | ||
| 005 | 20260414133731.0 | ||
| 008 | 220811s2023 paua b 000 0deng | ||
| 010 | _a 2022944472 | ||
| 020 |
_a9780764366123 _q(hardcover) |
||
| 035 | _a22745946 | ||
| 040 |
_aDLC _beng _erda _cDLC |
||
| 041 | 1 |
_aeng _hger |
|
| 042 | _apcc | ||
| 050 | 0 | 0 |
_aTT870 _b.H39413 2023 |
| 082 | _a736.982 H469 2023 | ||
| 100 | 1 |
_aHeinz, Alexander _c(Author on geometry), _eauthor. |
|
| 240 | 1 | 0 |
_aFaltformen. _lEnglish |
| 245 | 1 | 0 |
_aFolded forms : _bsymmetrical and playful paper designs / _cAlexander Heinz. |
| 246 | 3 | _aSymmetrical and playful paper designs | |
| 264 | 1 |
_aAtglen, PA : _bSchiffer Publishing, _c[2023] |
|
| 300 |
_a175 pages : _billustrations ; _c27 cm |
||
| 336 |
_atext _btxt _2rdacontent |
||
| 336 |
_astill image _bsti _2rdacontent |
||
| 337 |
_aunmediated _bn _2rdamedia |
||
| 338 |
_avolume _bnc _2rdacarrier |
||
| 504 | _aIncludes bibliographical references (page 169). | ||
| 505 | 2 | _aSpatial structures and symmetries -- Practical considerations -- Overview of modules, shapes, colors, and folds -- N models -- U models. | |
| 650 | 0 |
_aPaper work _xTechnique. |
|
| 650 | 0 | _aSymmetry (Art) | |
| 906 |
_a0 _bibc _corignew _d2 _eepcn _f20 _gy-gencatlg |
||
| 942 |
_2ddc _cBK-EN _n0 |
||
| 999 |
_c8883 _d8883 |
||